<The> Usage of Decision Theory in Regional Development

Terminológia a prístupy v oblasti rozhodovacieho procesu. Metódy rozhodovania a postupy. Aktuálny stav v aplikovanej úlohe rozhodovania v územnom plánovaní.

Salvato in:
Dettagli Bibliografici
Autore principale: Ruda, Aleš
Natura: Capitolo di libro
Lingua:inglese
Soggetti:
Tags: Aggiungi Tag
Nessun Tag, puoi essere il primo ad aggiungerne!!

MARC

LEADER 00000naa a2200000 4500
001 0264203
005 20200615144104.2
041 0 |a eng 
044 |a CZ 
245 1 0 |a <The> Usage of Decision Theory in Regional Development  |c Aleš Ruda 
520 |a Terminológia a prístupy v oblasti rozhodovacieho procesu. Metódy rozhodovania a postupy. Aktuálny stav v aplikovanej úlohe rozhodovania v územnom plánovaní. 
610 2 0 |a rozvoj regionálny 
610 2 0 |a rozhodovanie 
610 2 0 |a metódy 
610 2 0 |a terminológia 
610 2 0 |a plánovanie územné 
100 1 |a Ruda, Aleš